| Registos Bibliográficos associados ao registo de autoridade |
|
Etiqueta de registo: 00530cam 2200181 450 001 766367 003 http://id.bnportugal.gov.pt/bib/catbnp/766367 005 19990109000000.0 095 ## $aPTBN00553779 100 ## $a19940301d1944 k y0pory0103 ba 101 1# $apor 102 ## $aPT 200 1# $a O intervencionismo$fLudwig von Mises$gtrad. José Joaquim Teixeira Ribeiro 210 #9 $a[S.l.$cs.n.],$d1944$eCoimbra) 215 ## $a55 p.$d27 cm 700 #1 $aMises,$bLudwig Von$3112530 702 #1 $aRibeiro,$bJosé Joaquim Teixeira,$f1908-1997$4730$330181 801 #0 $aPT$bBN$gRPC 966 ## $lBN$mFGMON$sS.C. 13264//10 V.
Etiqueta de registo: 00563cam 22001931 450 001 739249 003 http://id.bnportugal.gov.pt/bib/catbnp/739249 005 20000403133300.0 095 ## $aPTBN00526494 100 ## $a19931218d1944 km y0pory0103 ba 101 1# $apor 102 ## $aPT 200 1# $a O intervencionismo$fLudwig von Mises$gtrad. de José Joaquim Teixeira Ribeiro 210 #9 $aCoimbra$c[Coimbra Editora],$d1944 215 ## $a55 p.$d27 cm 700 #1 $aMises,$bLudwig Von$3112530 702 #1 $aRibeiro,$bJosé Joaquim Teixeira,$f1908-1997$4730$330181 801 #0 $aPT$bBN$gRPC 966 ## $lBN$mFGMON$sS.C. 13264//10 V. 998 ## $aCB044-367
Etiqueta de registo: 00410cam 2200169 450 001 727943 003 http://id.bnportugal.gov.pt/bib/catbnp/727943 005 19990108000000.0 095 ## $aPTBN00515145 100 ## $a19931129d1945 km y0pory0103 ba 101 0# $aeng 102 ## $aGB 200 1# $aBureaucracy 210 #9 $aGlasgow$cWilliam Hodge & Company,$d1945 215 ## $a148 p.$d19 cm 700 #1 $aMises,$bLudwig Von$3112530 801 #0 $aPT$bBN$gRPC 966 ## $lBN$mFGMON$sS.C. 17860 P.
Etiqueta de registo: 00579cam 2200217 450 001 471949 003 http://id.bnportugal.gov.pt/bib/catbnp/471949 005 19990101000000.0 095 ## $aPTBN00674522 100 ## $a19941128d1938 km y0pory0103 ba 101 1# $afre$cger 102 ## $aFR 200 1# $a Le socialisme 210 #9 $aParis$cLibr. de Médicis Dijon,$d1938 215 ## $a626, 1 p. 700 #1 $aMises,$bLudwig Von$3112530 702 #1 $aBastier,$bPaul$4730$3156046 702 #1 $aTerrasse,$bAndré$4730$3156047 702 #1 $aTerrasse,$bFrançois$4730$3156048 702 #1 $aPerroux,$bFrançois,$f1903-1987$4080$375989 801 #0 $aPT$bBN$gRPC 966 ## $lBN$mFGMON$sS.C. 16816 V.
Etiqueta de registo: 00254nam 2200025 450 001 2287044 003 http://id.bnportugal.gov.pt/bib/catbnp/2287044 010 ## $a978-9-89364-113-2 021 ## $aPT$b556180/25 100 ## $a20260527d2026 m y0pory01030103ba 101 1# $apor$ceng 102 ## $aPT 105 ## $ay z 001yy 106 ## $ar 200 1# $a As seis lições$fLudwig von Mises$gtrad. Miguel Mendes de Almeida, Pedro Almeida Jorge 205 ## $a1ª ed 210 #9 $aLisboa$cCataláxia,$d2026 215 ## $a101 p.$d23 cm 304 ## $aTít. orig.: Economic policy : thoughts for today and tomorrow 700 #1 $aMises,$bLudwig Von$3112530 702 #1 $aAlmeida,$bMiguel Mendes de$4730$31999492 702 #1 $aJorge,$bPedro Almeida,$f1994-$4730$31781463 801 #0 $aPT$bBN$gRPC 966 ## $lBN$mFGMON$x1 966 ## $lBN$mFGMON$x1 971 ## $cabrito$d20260527
Etiqueta de registo: 00254nam 2200025 450 001 2287214 003 http://id.bnportugal.gov.pt/bib/catbnp/2287214 010 ## $a978-989-36411-1-8 021 ## $aPT$b555406/25 100 ## $a20260529d2025 m y0pory01030103ba 101 1# $apor$ceng 102 ## $aPT 105 ## $ay z 000yy 106 ## $ar 200 1# $aLiberalismo$esegunda a tradição Clássica$fLudwig von Mises$gtrad. Miguel Mendes de Almeida, Manuel Ogando 205 ## $a1ª ed 210 #9 $aLisboa$cCataláxia,$d2025 215 ## $a210, [2] p.$d23 cm 304 ## $aTít. orig.: Liberalism in the classical tradition 700 #1 $aMises,$bLudwig Von$3112530 702 #1 $aAlmeida,$bMiguel Mendes de$4730$31999492 702 #1 $aOgando,$bManuel$4730$31973698 801 #0 $aPT$bBN$gRPC 966 ## $lBN$mFGMON$x1 966 ## $lBN$mFGMON$x1 971 ## $cisantos$d20260529
|
|
|